000 02500nam a2200349 a 4500
001 ebr10521356
003 CaPaEBR
006 m u
007 cr cn|||||||||
008 110426s2012 njua sb 001 0 eng d
010 _z 2011012195
020 _z9780470131176 (hardback)
020 _z9781118105849 (e-book)
040 _aCaPaEBR
_cCaPaEBR
035 _a(OCoLC)784136829
050 1 4 _aTP363
_b.L229 2012eb
082 0 4 _a660/.28426
_222
100 1 _aLand, C. M. van't,
_d1937-
245 1 0 _aDrying in the process industry
_h[electronic resource] /
_cC. M. van't Land.
260 _aHoboken, N.J. :
_bWiley,
_c2012.
300 _axii, 381 p. :
_bill.
504 _aIncludes bibliographical references and index.
505 8 _aMachine generated contents note: Preface.Acknowledgements.1.Introduction.2. Drying as Part of the Overall Process.3. Procedures for choosing a dryer.4. Convective drying.5. Continuous Fluid-Bed Drying.6. Continuous Direct-Heat Rotary Drying.7. Flash Drying.8. Spray Drying.9. Miscellaneous Continuous Convective Dryers and Convective Batch Dryers.10. Atmospheric contact dryers.11. Vacuum drying.12. Steam Drying.13. Radiation Drying.14. Product Quality and Safeguarding Drying.15. Continuous Moisture-Measurement Methods, Dryer Process Control, and Energy Recovery.16. Gas/Solid Separation Methods.17. Dryer Feeding Equipment.List of symbols.Index.
520 _a"This book assists the process development engineer, the process engineer, and the plant engineer in selecting drying equipment. The criteria to be observed are discussed. The procedure concerning the selection of an industrial dryer always starts with the gathering of results of relevant laboratory measurements. The next step is carrying out small-scale tests, the results of which can be scaled up. Procedures for sizing equipment are also covered. Written by an author with over four decades in the process industries, this book brings an extensively practical approach for the engineer"--
_cProvided by publisher.
533 _aElectronic reproduction.
_bPalo Alto, Calif. :
_cebrary,
_d2012.
_nAvailable via World Wide Web.
_nAccess may be limited to ebrary affiliated libraries.
650 0 _aDrying.
650 0 _aDrying apparatus.
650 0 _aChemical processes.
655 7 _aElectronic books.
_2local
710 2 _aebrary, Inc.
856 4 0 _uhttp://site.ebrary.com/lib/rucke/Doc?id=10521356
_zAn electronic book accessible through the World Wide Web; click to view
999 _c141396
_d141396